000 01013nas a2200337 4500
001 BR2012006692
003 BR-BrBNA
005 20231205121119.0
007 ta
008 230509b bl.|||p| |||| 00| 00por d
040 _aBR-BrBNA
_bpor
_cBiblioteca Nacional de Agricultura
041 _a(Pt)
072 _aP33
100 1 _aZárate, N.A.H.
100 1 _aMatte, L.C.
100 1 _aVieira, M. do C.
100 1 _aGraciano, J.D.
100 1 _aHeid, D.M.
100 1 _aHelmich, M.
245 1 _aAmontoas e cobertura do solo com cama-de-frango na produção de cebolinha, com duas colheitas
650 _aALLIUM FISTULOSUM
650 _aRESÍDUO ORGÂNICO
650 _aRENDA
650 _aCOBERTURA DO SOLO
650 _aCAMA DE GALINHEIRO
650 _aCEBOLINHA
650 _aPRODUÇÃO VEGETAL
773 0 _tActa Scientiarum. Agronomy (Brazil)
_xISSN 1679-9275
_g(Jul- Sept 2010), v. 32(3) p. 449-454
_wBR2012006692
909 _a202311
_bLúcia
_c55
_dLúcia Elande
942 _2AGRIS
_n0
_cANA
999 _c221888
_d221888